វប្បធម៌មនុស្សជាតិ ជាតិពន្ធទាំង៥៦ នៃប្រជាជនចិន (Record no. 25667)

000 -LEADER
fixed length control field 00471nam a22001217a 4500
040 ## - CATALOGING SOURCE
Transcribing agency RUA
082 ## - DEWEY DECIMAL CLASSIFICATION NUMBER
Classification number KIM អ៊ុង 2013​​ C160 Or.1
100 ## - MAIN ENTRY--AUTHOR NAME
Personal name អ៊ុង ប៊ុនថន (ម៉ូអារី)
245 ## - TITLE STATEMENT
Title វប្បធម៌មនុស្សជាតិ ជាតិពន្ធទាំង៥៦ នៃប្រជាជនចិន
260 ## - PUBLICATION, DISTRIBUTION, ETC. (IMPRINT)
Place of publication PHNOM PENH
Name of publisher RUA
Year of publication 2013
300 ## - PHYSICAL DESCRIPTION
Number of Pages iii, 260p.
Other physical details ill.
Dimensions 22cm.
942 ## - ADDED ENTRY ELEMENTS (KOHA)
Koha item type អភិវឌ្ឍន៍សម្ថភាព
952 ## - LOCATION AND ITEM INFORMATION (KOHA)
Withdrawn status [LOCAL, KOHA] 0
Holdings
Permanent Location Date acquired Koha item type Lost status Shelving location Barcode Current Location Full call number
Library Block C2026-04-06អភិវឌ្ឍន៍សម្ថភាព C160B7121122Library Block CKIM អ៊ុង 2013​​ C160 Or.1
មជ្ឈមណ្ឌលឯការនៃសាកលវិទ្យាល័យភូមិន្ទកសិកម្មចំការដូង

Powered by Koha